[Event "HUN-chT2 Toth 1213"]
[Site "Hungary"]
[Date "2013.04.07"]
[Round "10.7"]
[White "Hegedus, Matyas"]
[Black "Farkas, Janos"]
[Result "0-1"]
[WhiteElo "1881"]
[BlackElo "1826"]
[PlyCount "112"]
[EventDate "2012.09.16"]
[EventType "team-tourn"]
[EventRounds "11"]
[EventCountry "HUN"]
[SourceTitle "EXT 2014"]
[Source "ChessBase"]
[SourceDate "2013.11.20"]
[SourceVersion "1"]
[SourceVersionDate "2013.11.20"]
[SourceQuality "1"]
[WhiteTeam "Mezobereny"]
[BlackTeam "Maroczy II"]
[WhiteTeamCountry "HUN"]
[BlackTeamCountry "HUN"]

1. e4 e5 2. Nc3 Nf6 3. Nf3 Nc6 4. d4 exd4 5. Nxd4 Bc5 6. Nxc6 bxc6 7. e5 Qe7 8. Qe2 Nd5 9. Ne4 Bb6 10. Ng3 Ba5+ 11. Bd2 Bxd2+ 12. Qxd2 Qxe5+ 13. Qe2 Qxe2+ 14. Bxe2 Rb8 15. 0-0-0 d6 16. Bf3 0-0 17. a3 Bd7 18. Rhe1 Rfe8 19. Bxd5 cxd5 20. Rxe8+ Rxe8 21. Rxd5 Bc6 22. Ra5 Ra8 23. f3 g6 24. Ne2 a6 25. b4 Bb5 26. Nd4 Bc4 27. Kd2 Rb8 28. c3 h6 29. h4 Kg7 30. Ke3 Rc8 31. Nc6 Re8+ 32. Kd4 Bb5 33. Na7 Bf1 34. g3 Re1 35. b5 Rd1+ 36. Ke3 Rd5 37. Rxa6 Rc5 38. Kd2 Bxb5 39. Nxb5 Rxb5 40. Kc2 Kf6 41. a4 Rf5 42. f4 h5 43. Rc6 Ra5 44. Rxc7 Rxa4 45. Kd3 Ra1 46. Ke4 Rg1 47. Kf3 Rf1+ 48. Ke2 Rc1 49. Kf3 Rc2 50. g4 hxg4+ 51. Kxg4 Ke6 52. Kf3 Rh2 53. Kg3 Rd2 54. c4 f6 55. Kg4 Rd3 56. h5 gxh5+ 0-1

[Event "HUN-chT2 Toth 1213"]
[Site "Hungary"]
[Date "2013.03.03"]
[Round "8.6"]
[White "Lorincz, Sandor"]
[Black "Hegedus, Matyas"]
[Result "1/2-1/2"]
[WhiteElo "2200"]
[BlackElo "1881"]
[PlyCount "111"]
[EventDate "2012.09.16"]
[EventType "team-tourn"]
[EventRounds "11"]
[EventCountry "HUN"]
[SourceTitle "EXT 2014"]
[Source "ChessBase"]
[SourceDate "2013.11.20"]
[SourceVersion "1"]
[SourceVersionDate "2013.11.20"]
[SourceQuality "1"]
[WhiteTeam "Toth Laszlo II"]
[BlackTeam "Mezobereny"]
[WhiteTeamCountry "HUN"]
[BlackTeamCountry "HUN"]

1. d4 d5 2. Nf3 Nf6 3. Bf4 Bf5 4. e3 Nh5 5. Bg5 h6 6. Bh4 g5 7. Ne5 Nf6 8. Bg3 Nbd7 9. Bd3 Bxd3 10. cxd3 Bg7 11. Nc3 c6 12. h4 Qb6 13. Rb1 e6 14. b4 a6 15. Na4 Qd8 16. hxg5 hxg5 17. Rxh8+ Bxh8 18. Nc5 Qc8 19. Ncxd7 Nxd7 20. Qh5 Bxe5 21. dxe5 Qd8 22. f4 Nf8 23. Ke2 Qe7 24. fxg5 Ng6 25. Qg4 a5 26. a3 axb4 27. Qxb4 Qxb4 28. axb4 b5 29. Rc1 Ra2+ 30. Kf3 Kd7 31. d4 Ra4 32. Be1 Ra2 33. g3 Ra3 34. Bc3 Ne7 35. Kf4 Ng6+ 36. Kg4 Ra2 37. Be1 Ra3 38. Bd2 Ne7 39. Rf1 Ke8 40. Rh1 Ng6 41. Kh5 Kf8 42. Kg4 Ra2 43. Rh2 Kg7 44. Kf3 Ne7 45. g4 Nc8 46. e4 Nb6 47. exd5 cxd5 48. Bf4 Ra3+ 49. Ke2 Nc4 50. g6 Kxg6 51. Rh6+ Kg7 52. Rf6 Rh3 53. Bc1 Nb6 54. Bd2 Rh2+ 55. Kd3 Rh3+ 56. Kc2 1/2-1/2

[Event "HUN-chT2 Toth 1112"]
[Site "Hungary"]
[Date "2012.04.22"]
[Round "9.9"]
[White "Hegedus, Matyas"]
[Black "Molnar, Jozsef"]
[Result "1-0"]
[WhiteElo "1898"]
[BlackElo "1756"]
[PlyCount "85"]
[EventDate "2011.09.25"]
[EventType "team-tourn"]
[EventRounds "11"]
[EventCountry "HUN"]
[SourceTitle "EXT 2013"]
[Source "ChessBase"]
[SourceDate "2012.11.22"]
[SourceVersion "1"]
[SourceVersionDate "2012.11.22"]
[SourceQuality "1"]
[WhiteTeam "Mezobereny"]
[BlackTeam "Abony"]
[WhiteTeamCountry "HUN"]
[BlackTeamCountry "HUN"]

1. e4 c5 2. Bc4 d6 3. Nc3 e6 4. Nf3 a6 5. a4 Qc7 6. d3 Nc6 7. 0-0 Nf6 8. h3 Be7 9. Bf4 0-0 10. Qd2 Nd7 11. Bg5 Nde5 12. Nxe5 dxe5 13. Ne2 h6 14. Bxe7 Qxe7 15. c3 Rb8 16. f4 exf4 17. Qxf4 Bd7 18. Rf3 e5 19. Qe3 Be6 20. Bd5 Rbd8 21. c4 Nd4 22. Rg3 Kh8 23. Nxd4 cxd4 24. Qe2 f5 25. Bxe6 Qxe6 26. exf5 Qxf5 27. Rf3 Qe6 28. Raf1 Kg8 29. Qe4 Rxf3 30. Rxf3 Rd7 31. b4 Qd6 32. b5 axb5 33. axb5 Qc7 34. Rf5 Re7 35. Qd5+ Kh7 36. Rf8 Qd7 37. Qe4+ g6 38. Rf6 Rg7 39. Qxe5 Re7 40. Qd6 Qe8 41. Qxd4 Rd7 42. Rd6 Re7 43. Rd8 1-0

[Event "HUN-chT2 Toth 1011"]
[Site "Hungary"]
[Date "2011.03.27"]
[Round "7.10"]
[White "Hegedus, Matyas"]
[Black "Valyi, Adel"]
[Result "1/2-1/2"]
[WhiteElo "1899"]
[BlackElo "1822"]
[PlyCount "88"]
[EventDate "2010.09.12"]
[EventType "team-tourn"]
[EventRounds "11"]
[EventCountry "HUN"]
[SourceTitle "EXT 2012"]
[Source "ChessBase"]
[SourceDate "2011.11.24"]
[SourceVersion "1"]
[SourceVersionDate "2011.11.24"]
[SourceQuality "1"]
[WhiteTeam "Mezobereny"]
[BlackTeam "Roszke"]
[WhiteTeamCountry "HUN"]
[BlackTeamCountry "HUN"]

1. e4 c5 2. Nf3 d6 3. Nc3 Nc6 4. h3 Nf6 5. Bc4 e6 6. d3 Be7 7. Bf4 a6 8. a4 d5 9. exd5 exd5 10. Ba2 0-0 11. 0-0 h6 12. Be5 Nxe5 13. Nxe5 Bd6 14. Re1 d4 15. Nd5 Nxd5 16. Bxd5 Bxe5 17. Rxe5 Qd6 18. Qe2 Rb8 19. Re1 Bd7 20. b3 b5 21. axb5 axb5 22. Qf3 Rbd8 23. Qh5 Qf6 24. Bf3 Qf4 25. g3 Qd2 26. R1e2 Qc1+ 27. Kg2 g6 28. Qh4 Kg7 29. Qf4 Qxf4 30. gxf4 Rc8 31. Re7 Bc6 32. Bxc6 Rxc6 33. Rb7 b4 34. Re5 Rfc8 35. Ree7 Rf6 36. Rbc7 Rxc7 37. Rxc7 Rf5 38. Kg3 h5 39. h4 Kf6 40. Kf3 Ke6 41. Ke4 Kd6 42. Ra7 Ke6 43. Ra6+ Kd7 44. Ra8 Ke7 1/2-1/2

[Event "HUN-chT2 Toth 0910"]
[Site "Hungary"]
[Date "2010.03.21"]
[Round "8.6"]
[White "Kemeny, Csaba"]
[Black "Hegedus, Matyas"]
[Result "1-0"]
[WhiteElo "2050"]
[BlackElo "1940"]
[PlyCount "135"]
[EventDate "2009.11.08"]
[EventType "team-tourn"]
[EventRounds "11"]
[EventCountry "HUN"]
[SourceTitle "EXT 2011"]
[Source "ChessBase"]
[SourceDate "2010.11.26"]
[SourceVersion "1"]
[SourceVersionDate "2010.11.26"]
[SourceQuality "1"]
[WhiteTeam "Kkfhazi Honved"]
[BlackTeam "Mezobereny"]
[WhiteTeamCountry "HUN"]
[BlackTeamCountry "HUN"]

1. d4 c5 2. e3 cxd4 3. exd4 d5 4. f4 Nf6 5. Bd3 Nc6 6. c3 g6 7. Nf3 Bg4 8. 0-0 Bg7 9. Nbd2 0-0 10. Qe1 Bxf3 11. Nxf3 e6 12. Ne5 Nd7 13. Kh1 Ncxe5 14. fxe5 Rc8 15. Qg3 h6 16. Qh3 Kh7 17. Rf4 f5 18. exf6 Rxf6 19. Rh4 Qf8 20. Bg5 Rf5 21. Bxf5 exf5 22. Rf4 Nf6 23. Bxf6 Bxf6 24. Rf2 Qe7 25. Qf3 Qe4 26. Re2 Qxf3 27. gxf3 Rd8 28. Re6 Kg7 29. Rae1 Kf7 30. f4 Bh4 31. R1e2 h5 32. Kg2 Bf6 33. Kf3 Rd7 34. a3 Rd8 35. R2e3 Rd7 36. a4 Bd8 37. b4 a5 38. Ke2 g5 39. Kf3 g4+ 40. Kf2 Bc7 41. Rh6 Kg7 42. Rxh5 Kg6 43. Rh8 Bxf4 44. Ree8 Bd2 45. Rd8 Rxd8 46. Rxd8 Bxc3 47. Rxd5 axb4 48. Ke3 b6 49. Rb5 Kg5 50. Rxb6 f4+ 51. Kd3 f3 52. a5 Bxd4 53. Rxb4 Bg1 54. a6 Kh4 55. Kd2 Kh3 56. Ke1 Be3 57. Kf1 Bc5 58. Rb7 Kxh2 59. Rh7+ Kg3 60. a7 Bxa7 61. Rxa7 Kf4 62. Ra4+ Kg3 63. Kg1 Kh4 64. Kf2 Kh3 65. Ra8 Kh4 66. Rh8+ Kg5 67. Kg3 Kf5 68. Rh4 1-0

[Event "HUN-chT2 Toth 0910"]
[Site "Hungary"]
[Date "2010.02.28"]
[Round "7.6"]
[White "Hegedus, Matyas"]
[Black "Toth, Daniel"]
[Result "0-1"]
[WhiteElo "1940"]
[BlackElo "2103"]
[PlyCount "100"]
[EventDate "2009.11.08"]
[EventType "team-tourn"]
[EventRounds "11"]
[EventCountry "HUN"]
[SourceTitle "EXT 2011"]
[Source "ChessBase"]
[SourceDate "2010.11.26"]
[SourceVersion "1"]
[SourceVersionDate "2010.11.26"]
[SourceQuality "1"]
[WhiteTeam "Mezobereny"]
[BlackTeam "Roszke"]
[WhiteTeamCountry "HUN"]
[BlackTeamCountry "HUN"]

1. e4 c5 2. f4 d5 3. exd5 Nf6 4. c4 e6 5. dxe6 Bxe6 6. Nf3 Bd6 7. d3 0-0 8. Be2 Qc7 9. Nc3 a6 10. 0-0 Bxf4 11. Bxf4 Qxf4 12. Qc1 Qxc1 13. Raxc1 Nc6 14. Ng5 Rfe8 15. Nge4 Nxe4 16. Nxe4 Nd4 17. Bf3 b6 18. Ng5 Rad8 19. Nxe6 Rxe6 20. Rcd1 Nc2 21. Bd5 Re7 22. Rd2 Ne3 23. Rf3 Nxd5 24. cxd5 Rxd5 25. Kf2 f5 26. Re3 Kf7 27. Rxe7+ Kxe7 28. Ke3 g5 29. g3 Kd6 30. Rc2 Re5+ 31. Kf3 Kd5 32. h4 gxh4 33. gxh4 Kd4 34. Kf4 Kxd3 35. Rc3+ Kd4 36. Rb3 b5 37. Ra3 Re4+ 38. Kxf5 Rxh4 39. Rxa6 Rh2 40. b3 h5 41. Rd6+ Kc3 42. Rd5 Kb4 43. a3+ Kxa3 44. Rxc5 b4 45. Kf4 h4 46. Kg4 Kxb3 47. Rc8 Kb2 48. Rb8 b3 49. Rb7 Kc2 50. Rc7+ Kb1 0-1

[Event "HUN-chT2 Toth 0910"]
[Site "Hungary"]
[Date "2009.12.06"]
[Round "3.8"]
[White "Hegedus, Matyas"]
[Black "Moczo, Istvan"]
[Result "1/2-1/2"]
[WhiteElo "1940"]
[BlackElo "2054"]
[PlyCount "61"]
[EventDate "2009.11.08"]
[EventType "team-tourn"]
[EventRounds "11"]
[EventCountry "HUN"]
[SourceTitle "EXT 2011"]
[Source "ChessBase"]
[SourceDate "2010.11.26"]
[SourceVersion "1"]
[SourceVersionDate "2010.11.26"]
[SourceQuality "1"]
[WhiteTeam "Mezobereny"]
[BlackTeam "Takisz"]
[WhiteTeamCountry "HUN"]
[BlackTeamCountry "HUN"]

1. d4 d5 2. Nf3 Nf6 3. Bf4 e6 4. e3 Nbd7 5. Nbd2 b6 6. h3 Bb7 7. a4 Be7 8. Be2 0-0 9. 0-0 c5 10. c3 a5 11. Ne5 Nxe5 12. Bxe5 Bd6 13. f4 cxd4 14. exd4 Ne8 15. Bg4 f5 16. Be2 Nf6 17. Nf3 Ne4 18. Qe1 Be7 19. Bd3 Ba6 20. Bxa6 Rxa6 21. Nd2 Nxd2 22. Qxd2 Bf6 23. Qd3 Ra8 24. Rae1 Qd7 25. b3 Qc6 26. Re3 Bxe5 27. Rxe5 Rac8 28. Rf3 Rf6 29. Rg3 Qd7 30. Qe2 Qf7 31. Qa6 1/2-1/2

[Event "HUN-chT2 Toth 0910"]
[Site "Hungary"]
[Date "2009.11.08"]
[Round "1.7"]
[White "Hegedus, Matyas"]
[Black "Kormos, Lajos"]
[Result "0-1"]
[WhiteElo "1940"]
[BlackElo "2054"]
[PlyCount "64"]
[EventDate "2009.11.08"]
[EventType "team-tourn"]
[EventRounds "11"]
[EventCountry "HUN"]
[SourceTitle "EXT 2011"]
[Source "ChessBase"]
[SourceDate "2010.11.26"]
[SourceVersion "1"]
[SourceVersionDate "2010.11.26"]
[SourceQuality "1"]
[WhiteTeam "Mezobereny"]
[BlackTeam "Kisujszallas"]
[WhiteTeamCountry "HUN"]
[BlackTeamCountry "HUN"]

1. e4 c5 2. f4 d6 3. Bc4 e6 4. Nc3 a6 5. a4 Nc6 6. Nf3 Nf6 7. d3 Be7 8. 0-0 0-0 9. e5 Ne8 10. exd6 Nxd6 11. b3 Rb8 12. d4 Nxc4 13. bxc4 cxd4 14. Ne4 Qb6 15. Ba3 Bxa3 16. Rxa3 Rd8 17. c5 Qb4 18. Qd3 f5 19. Neg5 h6 20. Nh3 Qxc5 21. Rf2 b5 22. Rb3 Nb4 23. Qd2 bxa4 24. Rb1 a3 25. Ne5 Qc3 26. Rb3 a2 27. Qxc3 dxc3 28. Ra3 Rd1+ 29. Rf1 Rxf1+ 30. Kxf1 Bb7 31. Nf2 Bd5 32. Nd7 Nxc2 0-1

[Event "HUN-chT2 Toth 0809"]
[Site "Hungary"]
[Date "2009.04.19"]
[Round "11.7"]
[White "Hegedus, Matyas"]
[Black "Vass, Laszlo"]
[Result "1-0"]
[WhiteElo "1920"]
[BlackElo "1902"]
[PlyCount "59"]
[EventDate "2008.10.26"]
[EventType "team-tourn"]
[EventRounds "11"]
[EventCountry "HUN"]
[SourceTitle "EXT 2010"]
[Source "ChessBase"]
[SourceDate "2010.11.25"]
[SourceVersion "1"]
[SourceVersionDate "2010.11.25"]
[SourceQuality "1"]
[WhiteTeam "Mezobereny"]
[BlackTeam "Nadudvar"]
[WhiteTeamCountry "HUN"]
[BlackTeamCountry "HUN"]

1. e4 c5 2. f4 d6 3. Bc4 e6 4. Nc3 Nf6 5. e5 dxe5 6. fxe5 Nd5 7. Nf3 Be7 8. 0-0 0-0 9. Ne4 Nc6 10. c3 Nb6 11. Be2 c4 12. d4 cxd3 13. Qxd3 Qc7 14. Bf4 f6 15. exf6 Qxf4 16. Nfg5 Bc5+ 17. Kh1 Qe3 18. Nxc5 Qxg5 19. Ne4 Qg6 20. fxg7 Rxf1+ 21. Rxf1 Qxg7 22. Rf3 Kh8 23. Rg3 Qe7 24. Ng5 e5 25. Qd6 Qg7 26. Bh5 Nc4 27. Qd5 Bg4 28. Nf7+ Qxf7 29. Qxf7 Nd6 30. Qf6+ 1-0

[Event "HUN-chT2 Toth 0809"]
[Site "Hungary"]
[Date "2009.03.08"]
[Round "9.6"]
[White "Diamant, Tibor"]
[Black "Hegedus, Matyas"]
[Result "1-0"]
[WhiteElo "2138"]
[BlackElo "1920"]
[PlyCount "97"]
[EventDate "2008.10.26"]
[EventType "team-tourn"]
[EventRounds "11"]
[EventCountry "HUN"]
[SourceTitle "EXT 2010"]
[Source "ChessBase"]
[SourceDate "2010.11.25"]
[SourceVersion "1"]
[SourceVersionDate "2010.11.25"]
[SourceQuality "1"]
[WhiteTeam "Mako II"]
[BlackTeam "Mezobereny"]
[WhiteTeamCountry "HUN"]
[BlackTeamCountry "HUN"]

1. e4 e5 2. Nf3 Nc6 3. Bb5 Bc5 4. c3 Nge7 5. d4 exd4 6. cxd4 Bb4+ 7. Bd2 Bxd2+ 8. Nbxd2 a6 9. Be2 Ng6 10. d5 Nce5 11. Nxe5 Nxe5 12. 0-0 0-0 13. Rc1 d6 14. Qc2 c5 15. dxc6 Nxc6 16. Nb3 Be6 17. Bc4 Rc8 18. Qe2 Qb6 19. Rfd1 Ne5 20. Bxe6 fxe6 21. h3 h6 22. Rc2 Rxc2 23. Qxc2 Nf7 24. Nd4 Re8 25. b3 e5 26. Nf5 g6 27. Ne3 Qc6 28. Qd3 b5 29. Nd5 Re6 30. Qd2 Qc5 31. Rc1 Qd4 32. Qxd4 exd4 33. Rd1 Kg7 34. Rxd4 Ne5 35. Nc7 Re7 36. Nxa6 Nf7 37. f3 Ra7 38. Nb4 Rc7 39. Rd5 Rc5 40. Kf2 Kf6 41. Rxc5 dxc5 42. Na6 c4 43. bxc4 bxc4 44. Ke3 g5 45. Kd4 Ne5 46. Nb4 Ke6 47. a4 Kd6 48. a5 c3 49. Kxc3 1-0

[Event "HUN-chT2 Toth 0809"]
[Site "Hungary"]
[Date "2008.12.21"]
[Round "4.7"]
[White "Abel, Imre"]
[Black "Hegedus, Matyas"]
[Result "0-1"]
[WhiteElo "2004"]
[BlackElo "1920"]
[PlyCount "198"]
[EventDate "2008.10.26"]
[EventType "team-tourn"]
[EventRounds "11"]
[EventCountry "HUN"]
[SourceTitle "EXT 2010"]
[Source "ChessBase"]
[SourceDate "2010.11.25"]
[SourceVersion "1"]
[SourceVersionDate "2010.11.25"]
[SourceQuality "1"]
[WhiteTeam "Karcag"]
[BlackTeam "Mezobereny"]
[WhiteTeamCountry "HUN"]
[BlackTeamCountry "HUN"]

1. e4 g6 2. d4 Bg7 3. Nc3 c5 4. Nf3 cxd4 5. Nxd4 Nc6 6. Be3 d6 7. Qd2 Nf6 8. f3 a6 9. 0-0-0 Bd7 10. g4 b5 11. g5 Nh5 12. Kb1 Nxd4 13. Bxd4 Bc6 14. Be3 Qa5 15. Bh3 Bxc3 16. bxc3 Rd8 17. Qd4 e5 18. Qb6 Qxc3 19. Rd3 Qc4 20. Bf1 Ba8 21. Qxa6 Qc6 22. Ra3 Rb8 23. Qa5 b4 24. Rb3 0-0 25. Ba6 Bb7 26. Bb5 Qc8 27. Rd1 Qh3 28. Qxb4 Qxf3 29. Qxd6 Bxe4 30. Rf1 Qg2 31. Rf2 Qg1+ 32. Kb2 Rbc8 33. Rd2 Qg4 34. Bd7 Bf5 35. Bxc8 Rxc8 36. Qxe5 Qe4 37. Qxe4 Bxe4 38. Rf2 Ng7 39. Bf4 Ne6 40. Rb8 Rxb8+ 41. Bxb8 Nxg5 42. Bf4 Ne6 43. Be5 f5 44. a4 Nc5 45. Ka3 Na6 46. Bd6 g5 47. a5 f4 48. Ka4 Bc6+ 49. Kb3 Kf7 50. h4 Ke6 51. Bf8 Kf5 52. hxg5 Kxg5 53. Bd6 f3 54. Kc4 Kf5 55. Kd4 Ke6 56. Bf8 h5 57. Rh2 Kf5 58. Rxh5+ Kg4 59. Rh2 Nc7 60. Ke3 Nd5+ 61. Kf2 Nf4 62. Bd6 Nh3+ 63. Ke3 f2 64. Rxh3 f1Q 65. Rg3+ Kf5 66. Bb4 Qc1+ 67. Kd3 Be4+ 68. Kd4 Qxc2 69. Ra3 Qb2+ 70. Kc5 Ke6 71. a6 Qe5+ 72. Kb6 Qd4+ 73. Bc5 Qd8+ 74. Kb5 Qb8+ 75. Bb6 Kd7 76. a7 Bc6+ 77. Ka6 Bb7+ 78. Kb5 Qe5+ 79. Bc5 Qd5 80. Re3 Qc6+ 81. Kb4 Qg2 82. Re7+ Kc6 83. Re6+ Kd5 84. Rd6+ Ke5 85. Kb5 Qb2+ 86. Bb4 Qc2 87. Bc5 Qb3+ 88. Bb4 Bd5 89. Ka5 Qc4 90. Rb6 Qa2+ 91. Kb5 Qxa7 92. Bc3+ Ke4 93. Ba5 Qd7+ 94. Kb4 Qc8 95. Ka3 Kd4 96. Rb4+ Bc4 97. Kb2 Qa6 98. Bb6+ Kd3 99. Kc1 Qa3+ 0-1

[Event "HUN-chT2 Toth 0809"]
[Site "Hungary"]
[Date "2008.11.02"]
[Round "2.7"]
[White "Farkas, Janos"]
[Black "Hegedus, Matyas"]
[Result "1/2-1/2"]
[WhiteElo "1909"]
[BlackElo "1920"]
[PlyCount "102"]
[EventDate "2008.10.26"]
[EventType "team-tourn"]
[EventRounds "11"]
[EventCountry "HUN"]
[SourceTitle "EXT 2010"]
[Source "ChessBase"]
[SourceDate "2010.11.25"]
[SourceVersion "1"]
[SourceVersionDate "2010.11.25"]
[SourceQuality "1"]
[WhiteTeam "Roszke"]
[BlackTeam "Mezobereny"]
[WhiteTeamCountry "HUN"]
[BlackTeamCountry "HUN"]

1. e4 g6 2. d4 Bg7 3. Nf3 d6 4. Bc4 Nf6 5. Nc3 c6 6. Bg5 b5 7. Bd3 b4 8. e5 dxe5 9. Bxf6 exf6 10. Ne2 exd4 11. Qd2 a5 12. a3 bxa3 13. Rxa3 f5 14. 0-0 0-0 15. b4 a4 16. Rd1 Be6 17. Rda1 Qb6 18. Rxa4 Rxa4 19. Rxa4 Rd8 20. Ra5 Bf8 21. Ra4 Bd7 22. Bc4 c5 23. Ra1 cxb4 24. Qxd4 Qxd4 25. Nexd4 Bg7 26. Rb1 Nc6 27. Nxc6 Bxc6 28. Ng5 Be8 29. Re1 h6 30. Rxe8+ Rxe8 31. Bxf7+ Kf8 32. Bxe8 Kxe8 33. Ne6 Be5 34. Kf1 Ke7 35. Nc5 Kd6 36. Nd3 Bc3 37. Ke2 g5 38. Nc1 Kc5 39. Kd3 Be5 40. h3 h5 41. Nb3+ Kd5 42. Nd2 g4 43. Nc4 Bd4 44. hxg4 hxg4 45. Ne3+ Bxe3 46. Kxe3 Kc4 47. Kd2 f4 48. f3 gxf3 49. gxf3 Kd4 50. Ke2 Kc3 51. Kd1 Kd4 1/2-1/2

[Event "HUN-chT2 Toth 0708"]
[Site "Hungary"]
[Date "2008.03.30"]
[Round "9"]
[White "Hegedus, Matyas"]
[Black "Nagy, Tibor2222"]
[Result "0-1"]
[WhiteElo "1936"]
[BlackElo "1857"]
[PlyCount "25"]
[EventDate "2007.10.14"]
[EventType "team"]
[EventRounds "11"]
[EventCountry "HUN"]
[SourceTitle "EXT 2009"]
[Source "ChessBase"]
[SourceDate "2008.11.26"]
[SourceVersion "1"]
[SourceVersionDate "2008.11.26"]
[SourceQuality "1"]
[WhiteTeam "Mezobereny"]
[BlackTeam "Nadudvar"]
[WhiteTeamCountry "HUN"]
[BlackTeamCountry "HUN"]

1. e4 d6 2. Bc4 Nf6 3. Nc3 g6 4. d4 Bg7 5. h3 0-0 6. Be3 Nc6 7. f4 e5 8. fxe5 dxe5 9. d5 Ne7 10. Nf3 Ne8 11. Qd2 Nd6 12. Bb3 f5 13. exf5 0-1

[Event "HUN-chT2 Toth 0708"]
[Site "Hungary"]
[Date "2007.12.09"]
[Round "4"]
[White "Ferencz, Istvan"]
[Black "Hegedus, Matyas"]
[Result "1-0"]
[WhiteElo "2072"]
[BlackElo "1912"]
[PlyCount "83"]
[EventDate "2007.10.14"]
[EventType "team"]
[EventRounds "11"]
[EventCountry "HUN"]
[SourceTitle "EXT 2009"]
[Source "ChessBase"]
[SourceDate "2008.11.26"]
[SourceVersion "1"]
[SourceVersionDate "2008.11.26"]
[SourceQuality "1"]
[WhiteTeam "Vasarhelyi"]
[BlackTeam "Mezobereny"]
[WhiteTeamCountry "HUN"]
[BlackTeamCountry "HUN"]

1. d4 g6 2. Nf3 Bg7 3. c3 d5 4. Bg5 Nc6 5. e3 a6 6. Nbd2 Bg4 7. Be2 Qd7 8. h3 Be6 9. Bf4 Nf6 10. Ne5 Nxe5 11. Bxe5 0-0 12. Bxf6 Bxf6 13. Bg4 Bg7 14. Bxe6 Qxe6 15. 0-0 f5 16. Nf3 h6 17. Qb3 b5 18. a4 Rab8 19. axb5 Rxb5 20. Qc2 Rfb8 21. b4 g5 22. Nd2 R8b6 23. Nb3 Rc6 24. Nc5 Qf6 25. Qd3 g4 26. hxg4 fxg4 27. Nxa6 Rbb6 28. Nc5 Qg6 29. Qxg6 Rxg6 30. Ra7 Rgc6 31. Rfa1 e5 32. g3 exd4 33. exd4 Rb8 34. Ra8 Rxa8 35. Rxa8+ Kf7 36. Ra6 Rb6 37. Ra7 Rc6 38. b5 Rb6 39. Rxc7+ Kg8 40. Rb7 Rxb7 41. Nxb7 Kf7 42. Nd6+ 1-0